LEADER 01043nam 2200349 450 001 9910792785003321 005 20230808201541.0 035 $a(CKB)3710000001072706 035 $a(MiAaPQ)EBC4813351 035 $a(EXLCZ)993710000001072706 100 $a20191228d2016 uy 0 101 0 $aeng 135 $aurcnu|||||||| 181 $ctxt$2rdacontent 182 $cc$2rdamedia 183 $acr$2rdacarrier 200 10$aKey indicators for Asia and the Pacific 2016 /$fAsian Development Bank 205 $aForty-seventh edition. 210 1$aMetro Manila, Philippines :$cAsian Development Bank,$d2016. 215 $a1 online resource (396 pages) 606 $aEconomic indicators$zAsia 606 $aEconomic indicators$zPacific Area 615 0$aEconomic indicators 615 0$aEconomic indicators 676 $a306.095 801 0$bMiAaPQ 801 1$bMiAaPQ 801 2$bMiAaPQ 906 $aBOOK 912 $a9910792785003321 996 $aKey indicators for Asia and the Pacific 2016$93723613 997 $aUNINA